000 00459nam a2200133Ia 4500
008 170516s9999 xx 000 0 und d
245 _aFull factorial design, physicochemical characterization of phenylephrine HCl loaded oral thin film Ms. Minal Bonde
260 _bAsian Journal of Pharmaceutics
260 _c2015
300 _a9:2
500 _aApril-June
650 _xPharmacy
856 _uhttp://www.asiapharmaceutics.info/index.php/ajp/issue/view/54
999 _c331437
_d331437